|
|
|
|
| LEADER |
00000naa0a2200000 4500 |
| 001 |
678365 |
| 005 |
20250619104900.0 |
| 090 |
|
|
|a 678365
|
| 100 |
|
|
|a 20250129d2024 k||y0rusy50 ba
|
| 101 |
0 |
|
|a eng
|
| 102 |
|
|
|a RU
|
| 135 |
|
|
|a drcn ---uucaa
|
| 181 |
|
0 |
|a i
|b e
|
| 182 |
|
0 |
|a b
|
| 183 |
|
0 |
|a cr
|2 RDAcarrier
|
| 200 |
1 |
|
|a Study of Regularities of Titanium Accumulation and Diffusion in Silicon During Repetitively-Pulsed Implantation with a High-Intense Ion Beam
|d Исследование закономерностей накопления и диффузии титана в кремнии при импульсно-периодической имплантации высокоинтенсивным пучком ионов
|z rus
|f Anna Ivanova, Olga Korneva, Alexander Gurulev [et al.]
|
| 203 |
|
|
|a Текст
|c электронный
|b визуальный
|
| 283 |
|
|
|a online_resource
|2 RDAcarrier
|
| 336 |
|
|
|a Текстовый файл
|
| 463 |
|
1 |
|t Energy Fluxes and Radiation Effects (EFRE-2024)
|o Abstracts of 9th International Congress, Tomsk, September 16-21, 2024
|c Tomsk
|n Academizdat Publishing
|d 2024
|v P. 321
|u https://efre.ru/abstracts?ysclid=m3zkkvf041603477442
|
| 610 |
1 |
|
|a электронный ресурс
|
| 610 |
1 |
|
|a труды учёных ТПУ
|
| 701 |
|
1 |
|a Ivanova
|b A. I.
|c physicist
|c Associate Scientist of Tomsk Polytechnic University
|f 1987-
|g Anna Ivanovna
|9 20002
|
| 701 |
|
1 |
|a Korneva
|b O. S.
|c physicist
|c engineer of Tomsk Polytechnic University
|f 1988-
|g Olga Sergeevna
|9 20156
|
| 701 |
|
1 |
|a Gurulev
|b A. V.
|c physicist
|c Engineer of Tomsk Polytechnic University
|f 1998-
|g Aleksandr Valerjevich
|9 88686
|
| 701 |
|
1 |
|a Zaytsev
|g Daniil Dmitrievich
|b D. D.
|f 2001-
|c specialist in the field of nuclear technologies
|c Engineer of Tomsk Polytechnic University
|y Tomsk
|9 88759
|
| 701 |
|
1 |
|a Merzlyakov
|b I.
|g Ivan
|f 2001-
|c physicist
|c engineer of Tomsk Polytechnic University
|7 ba
|8 rus
|y Томск
|9 88827
|
| 801 |
|
0 |
|a RU
|b 63413507
|c 20250129
|g RCR
|
| 856 |
4 |
|
|u https://efre.ru/download/EFRE-2024-Abstracts.pdf#page=321
|z https://efre.ru/download/EFRE-2024-Abstracts.pdf#page=321
|
| 856 |
4 |
|
|u https://hcei.tsc.ru/files/ru/nauka/conference/efre-2024/C3-P-032803.pdf
|z Статья на русском языке
|
| 942 |
|
|
|c CF
|